Stručná charakteristika domorodých jazykov používaných v Peru
Jazyková rozmanitosť v Peru. Prečo je Peru viacjazyčná a multikultúrna krajina. Pôvodné peruánske jazyky: kastílčina, andské jazyky - kečuánčina a aymarčina, amazonské jazyky. Štrukturálna rôznorodosť amazonských jazykov. Používanie domorodých jazykov v súčasnosti.
Guardado en:
| Autor principal: | |
|---|---|
| Formato: | Capítulo de libro |
| Lenguaje: | eslovaco |
| Materias: | |
| Etiquetas: |
Sin Etiquetas, Sea el primero en etiquetar este registro!
|
MARC
| LEADER | 00000naa$a2200000$$$4500 | ||
|---|---|---|---|
| 001 | 0254422 | ||
| 005 | 20240502074052.0 | ||
| 041 | 0 | |a slo | |
| 044 | |a SK | ||
| 245 | 1 | 0 | |a Stručná charakteristika domorodých jazykov používaných v Peru |c Želmíra Pavliková |
| 520 | |a Jazyková rozmanitosť v Peru. Prečo je Peru viacjazyčná a multikultúrna krajina. Pôvodné peruánske jazyky: kastílčina, andské jazyky - kečuánčina a aymarčina, amazonské jazyky. Štrukturálna rôznorodosť amazonských jazykov. Používanie domorodých jazykov v súčasnosti. | ||
| 610 | 2 | 0 | |a Peru |
| 610 | 2 | 0 | |a obyvateľstvo |
| 610 | 2 | 0 | |a jazyk štátny |
| 610 | 2 | 0 | |a regióny |
| 610 | 2 | 0 | |a komunikácia |
| 100 | 1 | |a Pavliková, Želmíra, 1979- | |